La ética del psicoanálisis, 1959-1960
Saved in:
| Main Author: | |
|---|---|
| Format: | Book |
| Language: | Spanish |
| Published: |
Buenos Aires
Paidós
2003
|
| Edition: | 1a. ed |
| Series: | El Seminario de Jacques Lacan, 7
|
| Subjects: | |
| Tags: |
Add Tag
No Tags, Be the first to tag this record!
|
MARC
| LEADER | 00000nam a2200000 a 4500 | ||
|---|---|---|---|
| 001 | UCK3975 | ||
| 003 | CL-VaPUC | ||
| 008 | 050513e20030000AG |||||||||||||||||spa|d | ||
| 020 | |a 9501239772 | ||
| 082 | 0 | 4 | |a 150.195 |b LAC |2 21 |
| 100 | |a Lacan, Jacques-Marie Émile |e author |9 575715 | ||
| 245 | 1 | 3 | |a La ética del psicoanálisis, 1959-1960 |
| 250 | |a 1a. ed | ||
| 300 | |a 387 p | ||
| 942 | |c BK | ||
| 945 | |d 20050513 00:00:00 |a jcarroza | ||
| 260 | |a Buenos Aires |b Paidós |c 2003 | ||
| 650 | 0 | |a Psicoanálisis |9 265702 | |
| 650 | 0 | |a Ciencias de la vida |9 314137 | |
| 650 | 7 | |a CIENCIAS DEL COMPORTAMIENTO |2 CL-VaPUC |9 492405 | |
| 650 | 0 | |a Ética |9 255099 | |
| 583 | |a last modification |c 20120928 10:01:59 |k Rodrigo Vera | ||
| 490 | 0 | |a El Seminario de Jacques Lacan, 7 | |
| 999 | |c 313017 |d 313015 | ||
| 952 | |0 0 |1 0 |4 0 |6 150_195000000000000_LAC_2003 |7 0 |8 R |9 384053 |a BIBEDU |b BIBEDU |c MCIRC |d 2019-11-22 |i 4124421 |l 11 |o 150.195 LAC 2003 |p 4124421 |q 2025-05-13 |r 2025-05-06 |s 2025-05-06 |w 2019-11-22 |y BK_R |k PSI | ||